000
00305nam a22001217a 4500
020
_a
9788126157303
082
_a
630.33
_b
KUL/PR
100
_a
Kulshrestha,S.R
_9
409
245
_a
Principles of Agricultural Marketing
260
_a
New Delhi
_b
Anmol Publications Pvt.Ltd
_c
2013
300
_a
304
942
_c
BK
999
_c
14295
_d
14295